000 00317nam a22001337a 4500
008 181031b xxu||||| |||| 00| 0 eng d
020 _a0155928589
041 _aeng
080 _22nd
_a341
100 _a15
101 _aSHJ
245 _aArgument. An Introduction to Informal Logic
_cFogelin, R.J
942 _2udc
_cBK
999 _c51338
_d51338